| 000 | 00421nam a2200181Ia 4500 | ||
|---|---|---|---|
| 003 | 0STCL | ||
| 008 | 150530s9999 xx 000 0 und d | ||
| 040 |
_aSTCL _cSTCL |
||
| 100 | _aRenwick, W.L.; Orton Harold | ||
| 245 | _aBeginnings of english literatre to Skelton 1509 | ||
| 250 | _aFirst | ||
| 260 | _c1952 | ||
| 300 | _a0 | ||
| 546 | _aEnglish | ||
| 942 |
_2ddc _cBK |
||
| 999 |
_c50494 _d50494 |
||
| 005 | 20220125170824.0 | ||